|
|
|
|
| LEADER |
00000nas a2200000 a 4500 |
| 001 |
ssj0000396866 |
| 003 |
WaSeSS |
| 005 |
20200512172242.0 |
| 006 |
m d |
| 007 |
cr n |
| 008 |
840725d198u2016kyuqx p s 0 a0eng c |
| 010 |
|
|
|a 95648523
|z sn 95005156
|
| 016 |
7 |
|
|a 009191720
|2 Uk
|
| 022 |
|
|
|l 1083-6888
|y 1083-6888
|
| 035 |
|
|
|a (WaSeSS)ssj0000396866
|
| 037 |
|
|
|b Enamelist Society, P.O. Box 310, Newport, KY 41072
|
| 040 |
|
|
|a UIU
|b eng
|c UIU
|d NSD
|d DLC
|d OCLCQ
|d UKMGB
|d OCLCQ
|d CUS
|d OCLCF
|d XFH
|d AVA
|d OCLCQ
|d RDF
|d OCLCQ
|d WaSeSS
|
| 042 |
|
|
|a nsdp
|a pcc
|
| 050 |
0 |
0 |
|a NK4997
|b .G63
|
| 082 |
0 |
0 |
|a 738.4/05
|2 20
|
| 210 |
0 |
|
|a Glass metal
|
| 222 |
|
0 |
|a Glass on metal
|
| 245 |
0 |
0 |
|a Glass on metal
|h [electronic resource].
|
| 260 |
|
|
|a Newport, Ky :
|b Ceramic Coating Co.
|
| 310 |
|
|
|a Five no. a year,
|b <Feb. 2002->
|
| 321 |
|
|
|a Bimonthly,
|b <Feb. 1984->
|
| 362 |
1 |
|
|a Ceased with vol. 33, no. 4 (August 2016).
|
| 506 |
|
|
|a License restrictions may limit access.
|
| 550 |
|
|
|a Issued by: Ceramic Coating Co., <Feb. 1984->; Enamelist Society, <June 1995->
|
| 588 |
0 |
|
|a Vol. 3, no. 1 (Feb. 1984).
|
| 588 |
1 |
|
|a Vol. 14, no. 3 (June 1995).
|
| 650 |
|
0 |
|a Enamel and enameling
|v Periodicals.
|
| 650 |
|
7 |
|a Enamel and enameling.
|2 fast
|0 (OCoLC)fst00909449
|
| 655 |
|
0 |
|a Electronic journals.
|
| 710 |
2 |
|
|a Ceramic Coating Co.
|
| 710 |
2 |
|
|a Enamelist Society.
|
| 850 |
|
|
|a DLC
|
| 856 |
4 |
0 |
|z Full text available from Research Library: 02/01/2009 to 08/31/2016
|u https://search.proquest.com/publication/54434
|